Top 30 Ballon d'Or : 2018 - Statistiques

Statistiques générales
  • Ce quiz a été pris 66 fois
  • Le résultat moyen est 27 sur 30
Statistiques - réponses
Classement Pays Club Joueur % Correct
#3 FRA ATLETICO Antoine Griezmann
100%
#2 POR REAL MADRID Cristiano Ronaldo
100%
#18 FRA REAL MADRID Karim Benzema
100%
#4 FRA PSG Kylian Mbappé
100%
#5 ARG BARCELONE Lionel Messi
100%
#1 CRO REAL MADRID Luka Modric
100%
#6 EGY LIVERPOOL Mohamed Salah
100%
#10 ANG TOTTENHAM Harry Kane
98%
#9 BEL MAN CITY Kevin De Bruyne
98%
#12 BRE PSG Neymar Jr
98%
#14 BEL REAL MADRID Thibault Courtois
98%
#13 URU BARCELONE Luis Suarez
97%
#11 FRA CHELSEA N'Golo Kanté
97%
#7 FRA REAL MADRID Raphael Varane
97%
#23 SEN LIVERPOOL Sadio Mané
95%
#8 BEL CHELSEA Eden Hazard
93%
#15 FRA MAN UNITED Paul Pogba
93%
#28 URU PSG Edinson Cavani
92%
#20 CRO BARCELONE Ivan Rakitic
92%
#17 P-G REAL MADRID Gareth Bale
90%
#16 ARG MAN CITY Sergio Agüero
90%
#29 FRA TOTTENHAM Hugo Lloris
85%
#19 BRE LIVERPOOL Roberto Firmino
83%
#24 BRE REAL MADRID Marcelo
81%
#26 SLO ATLETICO Jan Oblak
78%
#21 ESP MAN UNITED David de Gea
76%
#22 CRO JUVENTUS Mario Mandzukic
76%
#25 BRE LIVERPOOL Alisson
71%
#27 URU ATLETICO Diego Godin
69%
#30 ESP REAL MADRID Isco
69%
Aucun quiz correspondant
Distribution des résultats
% des personnes avec chaque résultat
Percentile par nombre de réponses
Votre historique - résultats
Vous n’avez pas pris ce quiz